Исследование гидравлической активности металлургического шлака; Современное состояние и проблемы естественных наук

Bibliografische gegevens
Parent link:Современное состояние и проблемы естественных наук.— 2014.— [С. 198-201]
Hoofdauteur: Латыпова Л. С.
Coauteur: Национальный исследовательский Томский политехнический университет (ТПУ) Юргинский технологический институт (филиал) (ЮТИ) Кафедра естественного научного образования (ЕНО)
Andere auteurs: Торосян В. Ф. Вера Фёдоровна
Samenvatting:Заглавие с титульного экрана
Taal:Russisch
Gepubliceerd in: 2014
Reeks:Новые материалы и химические технологии
Onderwerpen:
Online toegang:http://www.lib.tpu.ru/fulltext/c/2014/C68/065.pdf
Formaat: MixedMaterials Elektronisch Hoofdstuk
KOHA link:https://koha.lib.tpu.ru/cgi-bin/koha/opac-detail.pl?biblionumber=606025

MARC

LEADER 00000naa2a2200000 4500
001 606025
005 20231101132401.0
035 |a (RuTPU)RU\TPU\conf\3388 
035 |a RU\TPU\conf\3387 
090 |a 606025 
100 |a 20140514d2014 k y0rusy50 ca 
101 0 |a rus 
102 |a RU 
105 |a y z 101zy 
135 |a drcn ---uucaa 
181 0 |a i  
182 0 |a b 
200 1 |a Исследование гидравлической активности металлургического шлака  |f Л. С. Латыпова, В. Ф. Торосян 
203 |a Текст  |c электронный 
225 1 |a Новые материалы и химические технологии 
230 |a 1 компьютерный файл (pdf; 555 Кб) 
300 |a Заглавие с титульного экрана 
320 |a [Библиогр.: с. 201 (2 назв.)] 
337 |a Adobe Reader 
463 0 |0 (RuTPU)RU\TPU\conf\3116  |t Современное состояние и проблемы естественных наук  |o сборник трудов Всероссийской научно-практической конференции молодых ученых, аспирантов и студентов, г. Юрга, 17-18 апреля 2014 г.  |f Национальный исследовательский Томский политехнический университет (ТПУ), Юргинский технологический институт (филиал) (ЮТИ), Кафедра естественного научного образования (ЕНО) ; под ред. Е. В. Полицинского и др.  |v [С. 198-201]  |d 2014 
610 1 |a труды учёных ТПУ 
610 1 |a электронный ресурс 
610 1 |a гидравлическая активность 
610 1 |a металлургические шлаки 
610 1 |a металлургические процессы 
610 1 |a шлаковые отвалы 
700 1 |a Латыпова  |b Л. С. 
701 1 |a Торосян  |b В. Ф.  |c специалист в области экологии и безопасности жизнедеятельности  |c доцент Юргинского технологического института (филиала) Томского политехнического университета  |f 1956-  |g Вера Фёдоровна  |2 stltpush  |3 (RuTPU)RU\TPU\pers\24283 
712 0 2 |a Национальный исследовательский Томский политехнический университет (ТПУ)  |b Юргинский технологический институт (филиал) (ЮТИ)  |b Кафедра естественного научного образования (ЕНО)  |h 7134  |2 stltpush  |3 (RuTPU)RU\TPU\col\18894 
801 2 |a RU  |b 63413507  |c 20140514  |g RCR 
856 4 |u http://www.lib.tpu.ru/fulltext/c/2014/C68/065.pdf 
942 |c BK